000
00338 a2200157 4500
001
153498
020
_a
8532205658
040
_c
Escola São Tomás de Aquino
100
_a
ALENCAR, José de
240
1
0
_a
A viuvinha
_l
por
245
1
0
_a
A viuvinha
300
_a
84
362
0
_a
1999
697
_a
LITERATURA BRASILEIRA
942
_c
BK
999
_c
153498
_d
153498